Estudio de prefactibilidad para la creación de una Empresa comercializadora de Embutidos, Fresh Natural
Presenta un estudio de pre factibilidad para la creación de una empresa comercializadora de embutidos a nivel nacional Fresh Natural ubicada en la ciudad de Managua. Se realiza un estudio de mercado que permita el análisis cuantitativo y cualitativo de la existencia de la oferta y demanda determin...
| Main Authors: | , , |
|---|---|
| Other Authors: | |
| Format: | Tesis Section = Libro |
| Language: | Undetermined Spanish |
| Published: |
Managua
UNI
2018
|
| Subjects: |
| LEADER | 01355nam a2200301Ia 4500 | ||
|---|---|---|---|
| 008 | 240830s9999 xx 000 0 und d | ||
| 040 | |a BIBLIOTECA-RUPAP Mon 658.404 R672 | ||
| 041 | |a spa | ||
| 082 | |a Mon 658.404 R672 | ||
| 100 | 1 | |a Rocha Ramírez, Róger | |
| 100 | 1 | |b Flores Malespín, José Napoleón | |
| 100 | 1 | |c López Bonilla, Betsy Majali | |
| 245 | 1 | 0 | |a Estudio de prefactibilidad para la creación de una Empresa comercializadora de Embutidos, Fresh Natural |
| 260 | |a Managua |b UNI |c 2018 | ||
| 300 | |a 208 p. :il. | ||
| 500 | |a Contiene: anexos y CD. | ||
| 502 | |a Tesis (Ingeniero de Sistemas)- UNI, 2018. | ||
| 520 | 3 | |a Presenta un estudio de pre factibilidad para la creación de una empresa comercializadora de embutidos a nivel nacional Fresh Natural ubicada en la ciudad de Managua. Se realiza un estudio de mercado que permita el análisis cuantitativo y cualitativo de la existencia de la oferta y demanda determinando así el mercado potencial insatisfecho en el consumo de embutidos en Nicaragua. | |
| 650 | 7 | |a NUEVAS EMPRESAS-PROYECTOS | |
| 650 | 7 | |b ESTUDIO DE FACTIBILIDAD | |
| 650 | 7 | |c ESTUDIO DE MERCADO | |
| 650 | 7 | |d ESTUDIO FINANCIERO | |
| 650 | 7 | |e NEGOCIOS | |
| 650 | 7 | |f EMBUTIDOS-INDUSTRIA Y COMERCIO | |
| 700 | 1 | |a Tutor: |b Selva Mendoza, Mario José | |
| 942 | |c BK |2 ddc | ||
| 991 | |a TESIS | ||
| 999 | |c 17398 | ||